|
|
|
|
| LEADER |
00000cam a2200000 7i4500 |
| 001 |
0000003244 |
| 002 |
000003501 |
| 005 |
20011123.0 |
| 020 |
|
|
|a 0861635531
|
| 090 |
0 |
0 |
|a 912
|b HOO
|
| 100 |
1 |
|
|a Hook, Sue
|
| 245 |
1 |
0 |
|a What's going on?... Around the world :
|b a first picture atlas
|c Sue Hook ; illustrated by Colleen Payne and Leo Hartas
|
| 260 |
|
|
|a London :
|b Award Publications ,
|c 1992
|
| 300 |
|
|
|a 61p. :
|b ill ;
|c 26cm.
|
| 650 |
0 |
0 |
|a Atlases
|x Juvenile literature
|
| 650 |
0 |
0 |
|a Human geography
|x Juvenile literature
|
| 700 |
1 |
|
|a Payne, Colleen ,
|e illustrated
|
| 999 |
|
|
|a 00074813
|b BUKU
|c PINJAMAN
|e PERPUSTAKAAN KOMUNITI CAW KOTA DAMANSARA
|
| 999 |
|
|
|a 035681
|b BUKU
|c JUNIOR REFERENCE
|e PERPUSTAKAAN KOMUNITI PETALING JAYA
|
| 999 |
|
|
|a 045404
|b BUKU
|c JUNIOR BOOKS
|e PERPUSTAKAAN KOMUNITI CAW KOTA DAMANSARA
|
| 999 |
|
|
|a 045405
|b BUKU
|c JUNIOR BOOKS
|e PERPUSTAKAAN KOMUNITI CAW KOTA DAMANSARA
|